Global movement of the moderates
| Main Author: | |
|---|---|
| Format: | Book |
| Published: |
Putrajaya :
Razak School of Government ,
2011
|
| Subjects: |
MARC
| LEADER | 00000cam a2200000 7i4500 | ||
|---|---|---|---|
| 001 | 0000003993 | ||
| 005 | 20130815.0 | ||
| 020 | 0 | 0 | |a 9789671027714 |
| 090 | 0 | 0 | |a 361 |b MNT 2011 |
| 100 | 1 | 0 | |a Mohd. Najib Tun Hj Abdul Razak |c cDato' Sri , |d 1953- |
| 245 | 1 | 0 | |a Global movement of the moderates |c Najib Razak |
| 260 | 0 | 0 | |a Putrajaya : |b Razak School of Government , |c 2011 |
| 300 | |a xxii. 165 p. : |b col.photos ; |c 23 cm. | ||
| 650 | 0 | 0 | |a Extremists |
| 650 | 0 | 0 | |a Moderation |
| 650 | 0 | 0 | |a Public welfare |
| 998 | |a JPSM | ||
| 999 | |a 007775 |b Monograph |c Open Shelf |e Default branch | ||